[Event "Goodricke 10th op"]
[Site "Calcutta"]
[Date "1999.02.13"]
[Round "8"]
[White "Ramesh, RB."]
[Black "Komliakov, Viktor"]
[Result "1/2-1/2"]
[WhiteElo "2390"]
[BlackElo "2460"]

1.e4 g6 2.d4 Bg7 3.Nc3 c6 4.Nf3 d5 5.h3 Nf6 6.Bd3 dxe4 7.Nxe4 Nxe4 8.Bxe4 Nd7
9.O-O c5 10.c3 O-O 11.Re1 cxd4 12.Nxd4 Nc5 13.Bc2 e5 14.Nf3 Qxd1 15.Rxd1 Bf5
16.Bxf5 gxf5 17.g3 f4 18.gxf4 e4 19.Ne5 Bxe5 20.fxe5 Nd3 21.f3 Nxe5 22.fxe4 f5
23.exf5 Rxf5 24.Be3 Re8 25.Kh1 Rf3 26.Rg1+ Ng6 27.Bxa7 Rxh3+ 28.Kg2 Nf4+
29.Kf2+ Kf7 30.Rg3 Re2+ 31.Kf3 Rxg3+ 32.Kxg3 Nh5+ 33.Kg4 Nf6+ 34.Kf5 Rxb2
35.a4 Nd5 36.Bd4 Ne7+ 37.Ke4 Nc6 38.Rf1+ Ke8 39.Bc5 Ra2 40.Kd5 Ne7+ 41.Kd6 Rxa4
42.Bb4  1/2-1/2

[Event "Goodricke 10th op"]
[Site "Calcutta"]
[Date "1999.02.14"]
[Round "9"]
[White "Singh, Gurpreetpal"]
[Black "Laxman, RR."]
[Result "0-1"]
[WhiteElo "2310"]
[BlackElo "2265"]

1.e4 c6 2.d4 g6 3.Nc3 Bg7 4.Nf3 d6 5.Be3 Nd7 6.Qd2 b5 7.Bd3 Qc7 8.h3 Ngf6
9.Bh6 O-O 10.O-O e5 11.dxe5 dxe5 12.Rfe1 a5 13.Bxg7 Kxg7 14.Qe3 Re8 15.Rad1 Qa7
16.Nd2 Nc5 17.Nb3 Ne6 18.a4 b4 19.Qxa7 Rxa7 20.Nb1 Nd7 21.N1d2 Ndc5 22.Nxc5 Nxc5
23.b3 f6 24.Nc4 Rd8 25.f3 Ne6 26.Ne3 Nd4 27.Bc4 Kf8 28.Kf2 Ke7 29.g3 Ne6
30.h4 Rxd1 31.Rxd1 Nd4 32.Rd2 f5 33.exf5 gxf5 34.f4 Kf6 35.Ng2 c5 36.fxe5+ Kxe5
37.Ne1 Bb7 38.Nd3+ Kd6 39.Ke3 Bc6 40.Nf4 Re7+ 41.Kf2 Be4 42.Bd3 Ke5 43.Ng2 Bxd3
44.Rxd3 Nxc2 45.Rd8 Nd4 46.Ne3 Nxb3 47.Nc4+ Kf6 48.Ra8 Re4 49.Nxa5 Nxa5 50.Rxa5 c4
51.Rb5 c3 52.Rc5 Ke6 53.a5 Kd6 54.Rc8 Re7 55.Rc4 Rc7  0-1

[Event "Budapest FS02 GM"]
[Site "Budapest"]
[Date "1999.02.15"]
[Round "10"]
[White "Vajda, Szidonia"]
[Black "Csom, Istvan"]
[Result "0-1"]
[WhiteElo "2340"]
[BlackElo "2455"]

1.e4 c6 2.d4 g6 3.Nc3 Bg7 4.Bc4 d6 5.Qf3 e6 6.Nge2 Nd7 7.a4 Ngf6 8.O-O O-O
9.Ba2 a6 10.Bf4 Qc7 11.Rad1 e5 12.Bg3 b5 13.d5 Bb7 14.dxc6 Qxc6 15.Bh4 b4
16.Nd5 Qxc2 17.Bxf6 Nxf6 18.Nxf6+ Bxf6 19.Ng3 Bg7 20.Rxd6 Qxb2 21.Bb3 Qc3
22.Rd3 Qc7 23.Rfd1 Bc8 24.Rd6 Rb8 25.Qe3 Kh8 26.h4 Qe7 27.h5 Bf6 28.Qc5 Bg4
29.f3 Bc8 30.Qc6 Bg5 31.hxg6 hxg6 32.Kf2 Kg7 33.Rh1 Bb7 34.Qb6 Rfc8  0-1

[Event "US Amateur Team East"]
[Site "Parsippany"]
[Date "1999.02.15"]
[Round "5"]
[White "Koepcke, Richard"]
[Black "Frumkin, Edward"]
[Result "1/2-1/2"]
[WhiteElo "2275"]
[BlackElo "2112"]

1.d4 g6 2.e4 Bg7 3.Nc3 c6 4.Nf3 d5 5.h3 Nf6 6.e5 Ne4 7.Nxe4 dxe4 8.Ng5 c5
9.c3 cxd4 10.cxd4 Nc6 11.Bc4 O-O 12.Be3 b5 13.Bb3 Bb7 14.O-O h6 15.Nxe4 Nxd4
16.Nc5 Nxb3 17.Qxb3 Qd5 18.Nxb7 Qxb7 19.Rac1 Rac8 20.Rfd1 e6 21.Bc5 Rfd8
22.Rxd8+ Rxd8 23.Bd6 Rc8 24.Rxc8+ Qxc8 25.Qxb5 Qc1+  1/2-1/2

[Event "BL2-N9899"]
[Site "Germany"]
[Date "1999.02.21"]
[Round "6.4"]
[White "Fette, Martin"]
[Black "Syre, Christian"]
[Result "1/2-1/2"]
[WhiteElo "2350"]
[BlackElo "2300"]

1.e4 g6 2.d4 Bg7 3.Nc3 c6 4.f4 d5 5.e5 h5 6.Be3 Nh6 7.Nf3 Bg4 8.h3 Bxf3 9.Qxf3 e6
10.Bf2 h4 11.Bd3 Nd7 12.O-O Nf5 13.Ne2 Bf8 14.b3 Ba3 15.c4 Qb6 16.Rab1 a5
17.Kh2 Bb4 18.cxd5 cxd5 19.Rfc1 Ba3 20.Rc2 Rd8 21.Nc3 Nb8 22.b4 axb4 23.Nb5 Qa5
24.Rc5 Kf8 25.Rb3 Na6 26.Rc2 Rb8 27.Qe2 Kg7 28.Bxf5 gxf5 29.Nd6 Qd8 30.g4 hxg3+
31.Rxg3+ Kf8 32.Rb3 Nc7 33.Be1 Ne8 34.Nb5 Ng7 35.Qf3 Rc8 36.Nxa3 bxa3 37.Bb4+ Kg8
38.Rg2 Rh7 39.Bxa3 b6 40.Bd6 Rc6 41.Rc3 Rxc3 42.Qxc3 Kh8 43.Qc6 Rh6 44.Qb7 Qh4  1/2-1/2

[Event "AUT-chT2M 9899"]
[Site "Austria"]
[Date "1999.02.27"]
[Round "8"]
[White "Bensch, Patrick"]
[Black "Tkaczuk, Rainer"]
[Result "0-1"]
[WhiteElo "2255"]
[BlackElo "2260"]

1.e4 g6 2.d4 Bg7 3.Nc3 c6 4.Bc4 Nf6 5.e5 Nd5 6.Qf3 O-O 7.Nxd5 cxd5 8.Bxd5 d6
9.exd6 Qxd6 10.c3 Nc6 11.Bf4 e5 12.Bxc6 bxc6 13.dxe5 Bxe5 14.Rd1 Qe6 15.Bxe5 Qxe5+
16.Ne2 Ba6 17.Rd2 Rad8 18.Qe3 Qb8 19.Rxd8 Rxd8 20.O-O Re8 21.Qg3 Bxe2  0-1

[Event "Bucharest TIT"]
[Site "Bucharest"]
[Date "1999.03.11"]
[Round "11"]
[White "Ionescu, Doru Alexandru"]
[Black "Slovineanu, Viceslav"]
[Result "0-1"]
[WhiteElo "2324"]
[BlackElo "2447"]

1.e4 g6 2.d4 Bg7 3.Nc3 c6 4.g3 d6 5.Bg2 Nf6 6.Nge2 O-O 7.O-O e5 8.h3 Nbd7
9.Be3 Re8 10.d5 Nb6 11.b3 cxd5 12.Bxb6 Qxb6 13.Nxd5 Nxd5 14.Qxd5 Be6 15.Qd2 a6
16.a4 Rad8 17.Rac1 h6 18.Qd3 f5 19.c4 Rf8 20.h4 f4 21.Kh2 g5 22.f3 fxg3+
23.Kxg3 gxh4+ 24.Kh2 Bf6 25.Bh3 Bxh3 26.Kxh3 Bg5 27.Rcd1 Rd7 28.Qd5+ Rdf7
29.Rd3 Kh7 30.Kg4 Rf6 31.a5 Qc7 32.Kh3 Qg7 33.c5 dxc5 34.Qxc5 Rc6 35.Qd5 Rd8
36.Qxd8 Bxd8 37.Rxd8 Rg6 38.Rfd1 Rg3+ 39.Kh2 Rxf3 40.Rg1 Rf2+  0-1

[Event "Bucharest TIT"]
[Site "Bucharest"]
[Date "1999.03.11"]
[Round "11"]
[White "Ardeleanu, George Catalin"]
[Black "Kutnik, Alexandru"]
[Result "1-0"]
[WhiteElo "2338"]
[BlackElo "2193"]

1.e4 c6 2.Nc3 g6 3.d4 Bg7 4.h3 d6 5.Be3 b5 6.Qd2 Qc7 7.f4 Nd7 8.a4 b4 9.Nd1 a5
10.Nf3 Ngf6 11.Nf2 c5 12.d5 O-O 13.g4 Nb6 14.c4 bxc3 15.bxc3 e6 16.dxe6 Bxe6
17.Qc2 Bc4 18.Nd2 Bxf1 19.Kxf1 Rfe8 20.Rb1 Nfd5 21.Nd1 Nxe3+ 22.Nxe3 Qc6
23.Rb5 d5 24.Rxb6 Qxb6 25.Nxd5 Qd8 26.Qd3 Rb8 27.Nc4 Qd7 28.Nf6+ Bxf6 29.Qxd7 Red8
30.Qc7 Rdc8 31.Qxa5 Bh4 32.Ke2 Ra8 33.Qb5 Rcb8 34.Nb6 Ra7 35.Rd1  1-0

[Event "AUT2W-chT 9899"]
[Site "AUT"]
[Date "1999.03.13"]
[Round "8.4"]
[White "Novkovic, Julia"]
[Black "Kleissl, Helmut"]
[Result "1-0"]
[WhiteElo "2159"]
[BlackElo "2262"]

1.e4 g6 2.d4 Bg7 3.Nc3 c6 4.Bc4 d5 5.exd5 b5 6.Bb3 b4 7.Ne4 cxd5 8.Nc5 Nf6
9.a3 bxa3 10.Rxa3 O-O 11.Ne2 Nbd7 12.Nd3 Nb6 13.O-O a5 14.Nc5 Nfd7 15.Nf4 e6
16.Nfxe6 fxe6 17.Nxe6 Qf6 18.Nxf8 Nxf8 19.Be3 Nc4 20.Bxc4 dxc4 21.Qd2 Rb8
22.Qxa5 Be6 23.Qc3 Bd5 24.Ra5 Qf5 25.f3 Rd8 26.Qd2 Ne6 27.c3 g5 28.Qe2 Qg6
29.Rfa1 Nf8 30.Rxd5 Rxd5 31.Qxc4 Qf5 32.b4 h6 33.Rf1 Kh7 34.g4  1-0

[Event "Bled op"]
[Site "Bled"]
[Date "1999.03.20"]
[Round "1"]
[White "Sveshnikov, Evgeny"]
[Black "Basagic, Zlatko"]
[Result "1-0"]
[WhiteElo "2563"]
[BlackElo "2316"]

1.e4 g6 2.d4 Bg7 3.Nc3 c6 4.f4 d5 5.e5 h5 6.Nf3 Bg4 7.h3 Bxf3 8.Qxf3 e6 9.Be3 h4
10.Bd3 Nd7 11.O-O Ne7 12.Ne2 b5 13.a4 a6 14.b3 Nb6 15.Bd2 Bf8 16.Ba5 Qb8
17.Rfb1 Nf5 18.axb5 axb5 19.c4 b4 20.Bxb6 Rxa1 21.Rxa1 Qxb6 22.c5 Qb7 23.Bxf5 exf5
24.Qd3 Bh6 25.Qa6 Qxa6 26.Rxa6 O-O 27.Rxc6 Ra8 28.Rb6 Ra2 29.Kf1 Kg7 30.Rxb4 g5
31.fxg5 Bxg5 32.Nc3 Ra1+ 33.Ke2 Bf4 34.Nxd5 Bg3 35.c6 Ra2+ 36.Kf3  1-0

[Event "Bled op"]
[Site "Bled"]
[Date "1999.03.28"]
[Round "9"]
[White "Sveshnikov, Evgeny"]
[Black "Rukavina, Josip"]
[Result "1-0"]
[WhiteElo "2563"]
[BlackElo "2426"]

1.e4 g6 2.d4 Bg7 3.Nc3 c6 4.f4 d5 5.e5 h5 6.Nf3 Nh6 7.Be3 Bg4 8.h3 Bxf3 9.Qxf3 e6
10.Bf2 h4 11.Bd3 Nd7 12.O-O Bf8 13.Ne2 Be7 14.b3 b5 15.a4 b4 16.a5 Kf8 17.Rfc1 Kg7
18.c4 bxc3 19.Rxc3 Rc8 20.Kh2 Bb4 21.Rcc1 Bd2 22.Rcb1 Bb4 23.Ra4 Rb8 24.Ra2 Nf5
25.Bxf5 gxf5 26.Rc1 Nf8 27.Rxc6 Bxa5 28.g4 hxg3+ 29.Nxg3 Nd7 30.b4 Bb6 31.Ra1 Kf8
32.Rac1 Qe7 33.Nh5 Qxb4 34.Rc8+ Bd8 35.Rxb8 Qxb8 36.Rg1 Be7 37.Ng7 Qb2 38.Qg2 a5  1-0

[Event "Dreifluesse op 7th"]
[Site "Passau"]
[Date "1999.04.02"]
[Round "2"]
[White "Mirumian, Vigen"]
[Black "Scheidt, Karl Heinz"]
[Result "1-0"]
[WhiteElo "2471"]
[BlackElo "2158"]

1.e4 g6 2.d4 Bg7 3.Nc3 c6 4.Bc4 d6 5.Qf3 e6 6.Nge2 Nf6 7.a4 a5 8.O-O Qc7
9.Qg3 e5 10.dxe5 dxe5 11.f4 O-O 12.f5 Kh8 13.Qh4 gxf5 14.Bg5 Qd6 15.exf5 Nbd7
16.Rad1 Qc5+ 17.Kh1 Nb6 18.Bxf6 Nxc4 19.Bxg7+ Kxg7 20.Qg5+ Kh8 21.f6 Rg8
22.Rd8  1-0

[Event "Rheinhessen-ch HT1 op"]
[Site "Woerrstadt"]
[Date "1999.04.02"]
[Round "6"]
[White "Telke, Juergen"]
[Black "Merkel, Gregor"]
[Result "1-0"]
[WhiteElo "1794"]
[BlackElo "1509"]

1.e4 g6 2.d4 Bg7 3.Nc3 c6 4.Nf3 d5 5.Be2 Bg4 6.O-O Bxf3 7.Bxf3 e6 8.e5 a6
9.Ne2 Nd7 10.Kh1 c5 11.c3 Ne7 12.Ng1 Qb6 13.Be2 Rc8 14.f4 cxd4 15.cxd4 Rc7
16.Nf3 Nc6 17.b3 O-O 18.Ba3 Nb4 19.Qd2 Rc2 20.Qxb4 Rxe2 21.Qxb6 Nxb6 22.Bxf8 Bxf8
23.Rfc1  1-0

[Event "Dreifluesse op 7th"]
[Site "Passau"]
[Date "1999.04.04"]
[Round "5"]
[White "Besner, Bernhard"]
[Black "Born, Reiner"]
[Result "1-0"]
[WhiteElo "2188"]
[BlackElo "1974"]

1.e4 g6 2.d4 Bg7 3.Nc3 c6 4.Be3 d5 5.e5 f6 6.f4 Nh6 7.Be2 O-O 8.Nf3 Ng4 9.Qd2 Nxe3
10.Qxe3 fxe5 11.fxe5 e6 12.O-O-O b5 13.h4 b4 14.Na4 Ba6 15.Nc5 Bxe2 16.Qxe2 Bh6+
17.Kb1 Qe7 18.g4 Rf4 19.g5 Bf8 20.Nd3 Re4 21.Qd2 Rg4 22.Nf2 Rg3 23.Qf4 Rxf3
24.Qxf3 c5 25.dxc5 Qxc5 26.Nd3 Qe7 27.Nf4 Nc6 28.Nxd5 Qc5 29.Nf6+ Kg7 30.Nd7 Qc4  1-0

[Event "Baden Casino op"]
[Site "Baden"]
[Date "1999.04.07"]
[Round "6"]
[White "Pikula, Dejan"]
[Black "Drechsler, Christoph"]
[Result "1-0"]
[WhiteElo "2454"]
[BlackElo "2141"]

1.e4 g6 2.d4 Bg7 3.Nc3 c6 4.Bc4 d6 5.Qf3 e6 6.Nge2 b5 7.Bb3 a5 8.a3 Ba6 9.Be3 Nd7
10.Nf4 Qe7 11.g4 Bb7 12.Nd3 Ngf6 13.Bg5 h6 14.Bh4 g5 15.Bg3 h5 16.h3 hxg4
17.hxg4 Rxh1+ 18.Qxh1 O-O-O 19.f3 Ne8 20.Bf2 Nc7 21.Qg1 Rh8 22.O-O-O d5 23.Qg3 c5
24.exd5 exd5 25.Re1 Qf8 26.dxc5 Rh6 27.Qg1 Qh8 28.Ne2 Ne6 29.Kb1 Ne5 30.Nxe5 Bxe5
31.c3 b4 32.c6 Ba6 33.Nd4 bxc3 34.bxc3 Nf4 35.Bg3 Bd3+ 36.Ka2 Ne2 37.Nxe2 Bxg3
38.Qxg3 a4 39.Bxa4 Re6 40.Nd4 Bc4+ 41.Kb2  1-0

[Event "Baden Casino op"]
[Site "Baden"]
[Date "1999.04.08"]
[Round "7"]
[White "Illijin, Neboisa"]
[Black "Drechsler, Christoph"]
[Result "1-0"]
[WhiteElo "2252"]
[BlackElo "2141"]

1.e4 g6 2.d4 Bg7 3.Nc3 c6 4.Bc4 d6 5.Qf3 e6 6.Nge2 Nd7 7.Bf4 Qe7 8.Qg3 e5
9.Bg5 Ngf6 10.dxe5 dxe5 11.O-O h6 12.Be3 Nc5 13.f3 b5 14.Qf2 Nfd7 15.Bxb5 cxb5
16.Nxb5 Ne6 17.Nec3 O-O 18.Nd5 Qd8 19.Rfd1 Bb7 20.c3 f5 21.exf5 gxf5 22.Bxa7 Bxd5
23.Rxd5 Nc7 24.Bb6 Nxd5 25.Bxd8 Rfxd8 26.Qc2 Ne3 27.Qb3+ Kh7 28.Nc7 Rab8
29.Qf7 Nf8 30.Qe7 Rd7 31.Qc5 f4 32.Qc6 Rxb2 33.Kh1 Rdd2 34.Rg1 Nd1 35.h4 Nf2+
36.Kh2 e4 37.Ne6 Nxe6 38.Qxe6 Rb8 39.Qf5+ Kh8 40.Qxf4 Rbd8 41.Rb1 exf3 42.Qxf3 Rf8
43.Qh5 Nd3 44.Rb6 Rxg2+ 45.Kh1 Nf4 46.Qb5 Rxa2 47.Rb8 Ra8 48.Rxf8+ Rxf8 49.c4 Rg8
50.Qd7 Ng6 51.c5 Ne5 52.Qe6 Nf3 53.c6 Nd4 54.Qxg8+ Kxg8 55.c7 Ne6 56.c8=Q+ Nf8
57.Qe8 Kh7 58.h5 Kg8 59.Kg2 Bf6 60.Kf3 Bg5 61.Ke4 Kg7 62.Kd5 Kg8 63.Qe4 Kg7
64.Kd6 Bf6 65.Qb7+ Kg8 66.Qb3+ Kg7 67.Qa2 Bg5 68.Ke5 Bf6+ 69.Kf5 Bg5 70.Qc4 Nh7
71.Qd4+ Kg8 72.Qd5+ Kg7 73.Qe5+ Kg8 74.Qe6+ Kg7 75.Qg6+ Kh8 76.Qf7  1-0

[Event "Budapest FS04 GM"]
[Site "Budapest"]
[Date "1999.04.11"]
[Round "9"]
[White "Nguyen Anh Dung"]
[Black "Schebler, Gerhard"]
[Result "1/2-1/2"]
[WhiteElo "2485"]
[BlackElo "2439"]

1.d4 g6 2.e4 Bg7 3.Nc3 c6 4.Nf3 d6 5.Be2 Bg4 6.O-O e6 7.d5 Bxf3 8.Bxf3 cxd5
9.exd5 e5 10.Ne4 h6 11.c4 f5 12.Qa4+ Kf7 13.Nc3 Nd7 14.Be3 a6 15.Rac1 Ngf6
16.b4 Re8 17.g3 Rc8 18.Qb3 Kg8 19.Na4 g5 20.Bg2 b6 21.Rc2 Ng4 22.Re1 Rb8
23.Nc3 Kh8 24.Ne2 Qf6 25.h3 Nxe3 26.fxe3 Qg6 27.e4 g4 28.exf5 Qxf5 29.Rf1 Qg6
30.hxg4 Nf6 31.Bh3 Rf8 32.Rc3 Nxg4 33.Rcf3 h5 34.Rxf8+ Rxf8 35.Rxf8+ Bxf8
36.Qf3 Bh6 37.Nc3 Qc2 38.Bxg4 hxg4 39.Qf6+ Bg7 40.Qh4+ Kg8 41.Qd8+ Kh7 42.Qh4+ Kg8
43.Qd8+ Kf7 44.Qd7+  1/2-1/2

[Event "Hampstead IM-A 5th"]
[Site "London"]
[Date "1999.04.15"]
[Round "9"]
[White "Anderton, David W"]
[Black "Dunnington, Angus J"]
[Result "0-1"]
[WhiteElo "2205"]
[BlackElo "2353"]

1.d4 g6 2.e4 Bg7 3.Nc3 c6 4.g3 d5 5.exd5 cxd5 6.Bg2 Nf6 7.Nge2 Bg4 8.h3 Bxe2
9.Nxe2 O-O 10.O-O Nc6 11.Be3 Rc8 12.Rc1 Qa5 13.a3 Qb6 14.Rb1 Na5 15.b3 Qc7
16.Qd2 b6 17.Rfc1 Rfd8 18.Bh6 Qd6 19.Bf4 Qd7 20.Qd3 e6 21.g4 Qe7 22.Ra1 Nd7
23.Bd2 Nc6 24.f4 Nf6 25.Be3 Ne8 26.Ra2 Qd7 27.Rd1 Nd6 28.Ng3 Na5 29.Bf1 f5
30.Bd2 Ne4 31.Be1 Qc7 32.Ne2 Bh6 33.g5 Bf8 34.Bb4 Bd6 35.Qe3 Qe7 36.Bxd6 Rxd6
37.Bg2 b5 38.Qd3 Rb6 39.Bxe4 fxe4 40.Qd2 Nb7 41.c3 Nd6 42.a4 bxa4 43.Rxa4 Rxb3
44.Qa2 Rb7 45.Ra1 Rcc7 46.Qa3 Qd7 47.Ng3 Nb5  0-1

[Event "Gonfreville Master"]
[Site "Gonfreville"]
[Date "1999.04.16"]
[Round "11"]
[White "Berthelot, Yannick"]
[Black "Sulava, Nenad"]
[Result "1-0"]
[WhiteElo "2327"]
[BlackElo "2466"]

1.e4 g6 2.d4 Bg7 3.Nc3 c6 4.f4 d5 5.e5 Nh6 6.Be2 O-O 7.Be3 f6 8.h3 Nf5 9.Bf2 fxe5
10.dxe5 g5 11.g4 Nh6 12.fxg5 Nf7 13.g6 hxg6 14.Nf3 e6 15.Bc5 Re8 16.Qd3 Nd7
17.Bd6 Nxd6 18.exd6 Nf8 19.h4 e5 20.Ng5 e4 21.Ncxe4 dxe4 22.Qb3+ Be6 23.Nxe6 Nxe6
24.O-O-O Qd7 25.g5 Be5 26.h5 Kg7 27.hxg6 Nxg5  1-0

[Event "Kastav"]
[Site "Kastav"]
[Date "1999.04.24"]
[Round "1"]
[White "Zelenika, Srdjan"]
[Black "Nurkic, Sahbaz"]
[Result "1-0"]
[WhiteElo "2266"]
[BlackElo "2440"]

1.e4 g6 2.d4 Bg7 3.Nc3 c6 4.Bc4 d5 5.exd5 b5 6.Bb3 b4 7.Nce2 cxd5 8.a3 bxa3
9.Rxa3 Nf6 10.Nf3 O-O 11.O-O Nc6 12.h3 Ne4 13.Bf4 e6 14.Ne5 Bb7 15.c3 a5
16.Nxc6 Bxc6 17.Ba4 Qd7 18.Nc1 Rfc8 19.Nd3 Bf8 20.Ra2 Bxa4 21.Qxa4 Qb7 22.Rfa1 Rc4
23.Qc2 Qb5 24.f3 Nf6 25.b4 Rac8 26.Rxa5 Qb6 27.Nc5 Qxb4 28.cxb4 Rxc2 29.Ra8 Rxa8
30.Rxa8 Kg7 31.Be5 Bxc5 32.dxc5 g5 33.Rc8 Kg6 34.c6  1-0

[Event "Dubai op"]
[Site "Dubai"]
[Date "1999.05.01"]
[Round "1"]
[White "Tayeb, S."]
[Black "Yurtaev, Leonid"]
[Result "0-1"]
[WhiteElo "2228"]
[BlackElo "2528"]

1.e4 g6 2.d4 Bg7 3.Nc3 c6 4.f4 d5 5.e5 Nh6 6.Be3 Ng4 7.Qd2 Bf5 8.O-O-O Nd7
9.Nf3 Nxe3 10.Qxe3 e6 11.h3 h5 12.g3 b5 13.Rg1 b4 14.Ne2 Nb6 15.Nd2 g5 16.fxg5 Rc8
17.g4 hxg4 18.hxg4 Bg6 19.Nf4 Qxg5 20.Nxd5 Qxe3 21.Nxe3 c5 22.Ndc4 Nxc4 23.Nxc4 Ke7
24.Nd6 Rc7 25.Bd3 Bxd3 26.Rxd3 cxd4 27.Nb5 Rc5 28.Nxd4 Bxe5 29.Re1 Bf4+ 30.Kb1 Rh2
31.Rf3 Be5 32.Ne2 Rg2 33.Nf4 Rxg4 34.Nd3 Ra5 35.c3 Bd6 36.cxb4 Bxb4 37.Ref1 f5
38.Ne5 Rxe5  0-1

[Event "Capablanca mem Mixto"]
[Site "Havana"]
[Date "1999.05.08"]
[Round "2"]
[White "Pina, Sulennis"]
[Black "Frometa, Zirka"]
[Result "1-0"]
[WhiteElo "2241"]
[BlackElo "2190"]

1.e4 g6 2.d4 Bg7 3.Nc3 c6 4.f4 d5 5.Nf3 dxe4 6.Nxe4 Nf6 7.Nxf6+ Bxf6 8.Bc4 O-O
9.c3 Nd7 10.O-O Nb6 11.Bb3 Qc7 12.Kh1 c5 13.Be3 c4 14.Bc2 Nd5 15.Qd2 Bg7
16.Rae1 a5 17.Ng5 f6 18.Ne4 b6 19.Qe2 f5 20.Nd2 Ba6 21.a4 Rfe8 22.Nf3 e6
23.Ng1 Bb7 24.Bc1 Nf6 25.Nh3 Bd5 26.Ng5 Qb7 27.Nf3 Rac8 28.Kg1 Ne4 29.Ne5 Nd6
30.Qf2 Bf6 31.Re3 Ne4 32.Qe2 Nd6 33.Bd2 Re7 34.Be1 Rg7 35.Nf3 Ne4 36.Bh4 Bxh4
37.Nxh4 g5 38.fxg5 Nxg5 39.Bxf5 exf5 40.Re8+  1-0

[Event "EST-ch"]
[Site "Tallinn"]
[Date "1999.05.08"]
[Round "8"]
[White "Sepp, Olav"]
[Black "Cheutshenko, Robert"]
[Result "1-0"]
[WhiteElo "2397"]
[BlackElo "2357"]

1.e4 g6 2.d4 Bg7 3.Nc3 c6 4.Nf3 d5 5.h3 dxe4 6.Nxe4 Bf5 7.Ng3 Be6 8.c3 Nf6
9.Ng5 Bc8 10.Bc4 O-O 11.O-O b5 12.Bb3 Na6 13.Re1 Nd5 14.Qe2 e6 15.Nf3 Qb6
16.Ne4 h6 17.Ne5 c5 18.dxc5 Nxc5 19.Bxd5 exd5 20.Nxc5 Qxc5 21.Be3 Qd6 22.Bd4 b4
23.Qb5 bxc3 24.bxc3 Ba6 25.Qa5 Rfe8 26.Nf3 Bxd4 27.cxd4 Re4 28.Qd2 Kg7 29.Ne5 Rxe1+
30.Rxe1 Rf8 31.h4 Bc8 32.Rc1 Qf6 33.g3 Qf5 34.Rc7 Be6 35.Rxa7 Rb8 36.Rc7 Qe4
37.Rc1 f6 38.f3  1-0

[Event "Capablanca mem Mixto"]
[Site "Havana"]
[Date "1999.05.10"]
[Round "4"]
[White "Delgado Crespo, Mairelys"]
[Black "Frometa, Zirka"]
[Result "1/2-1/2"]
[WhiteElo "2298"]
[BlackElo "2190"]

1.e4 g6 2.d4 Bg7 3.Nc3 c6 4.Bc4 d6 5.Qf3 e6 6.Nge2 Nd7 7.a4 Ngf6 8.O-O O-O
9.Bg5 Qc7 10.Bb3 a6 11.a5 c5 12.Na4 c4 13.Nb6 Nxb6 14.axb6 Qxb6 15.Bxc4 Nxe4
16.Qxe4 d5 17.Bxd5 exd5 18.Qxd5 Qxb2 19.Ra2 Qb6 20.Rd1 Re8 21.Be3 Bg4 22.c3 Rac8
23.Rc1 Be6 24.Qa5 Qxa5 25.Rxa5 Bc4 26.Ng3 b6 27.Raa1 a5 28.Nf1 f5 29.Nd2 Bd3
30.Nf3 Ra8 31.Ne5 Bxe5 32.dxe5 Rxe5 33.Bxb6 a4 34.Bd4 Re2 35.Bc5 Bc4 36.h3 Bb3
37.Rcb1 Rc8 38.Bd4 Rce8 39.Rc1 f4 40.c4 R2e4 41.Bb2 Re2 42.Ba3 Rd2 43.Bb4 Rd4
44.Bc5 Rd2 45.Bb4 Rd4  1/2-1/2

[Event "NED-chT Playoff"]
[Site "Breda"]
[Date "1999.05.13"]
[Round "1"]
[White "Konson, Konstantin"]
[Black "Hodgson, Julian M"]
[Result "0-1"]
[WhiteElo "2240"]
[BlackElo "2565"]

1.e4 g6 2.d4 Bg7 3.Nc3 c6 4.Nf3 d5 5.exd5 cxd5 6.Bf4 Nf6 7.Bb5+ Bd7 8.Bxd7+ Nbxd7
9.O-O O-O 10.Re1 Rc8 11.Qe2 e6 12.Qb5 Qb6 13.a4 a6 14.Qxb6 Nxb6 15.a5 Nc4
16.Nd1 Ne4 17.c3 Bf6 18.b3 Ncd6 19.Ne5 g5 20.Bc1 Nxc3 21.Nxc3 Rxc3 22.Nd7 Be7
23.Nxf8 Kxf8 24.Re3 Rc2 25.Ba3 Nf5 26.Bxe7+ Kxe7 27.Rd3 g4 28.h3 h5 29.hxg4 hxg4
30.Ra4 Kd7 31.Kf1 Nd6 32.Ke1 Ne4 33.f3 Nc3 34.Rb4 Nb5 35.Rd2 Rc1+ 36.Kf2 gxf3
37.gxf3 Kc6 38.Rd3 Rc2+ 39.Kg3 Kd6 40.Ra4 Na7 41.Ra1 Nc6 42.Ra4 Re2 43.f4 Re4
44.Kf3 Ke7 45.Kg3 Kf6 46.Kg4 e5 47.Kg3 exd4 48.Rf3 Kf5 49.Ra1 Re3 50.Rxe3 dxe3
51.Ra4 d4 52.Kf3 Ke6 53.Ra1 Kd6 54.Rh1 Nxa5 55.Rh6+ Kc5 56.Rf6 Nxb3 57.Rxf7 b5
58.Ra7 Kd5 59.Rxa6 Nd2+ 60.Ke2 Ke4 61.Rd6 Nb3 62.f5 d3+ 63.Kd1 e2+ 64.Ke1 Nd4
65.Kf2 Nc2 66.Re6+  0-1

[Event "BUL-ch"]
[Site "Plovdiv"]
[Date "1999.05.13"]
[Round "2"]
[White "Radulski, Julian"]
[Black "Todorov, Todor"]
[Result "1/2-1/2"]
[WhiteElo "2410"]
[BlackElo "2480"]

1.d4 g6 2.e4 c6 3.Nc3 Bg7 4.Nf3 d6 5.h3 Nf6 6.a4 O-O 7.Be2 d5 8.e5 Ne4 9.O-O c5
10.Bd3 Nxc3 11.bxc3 Nc6 12.Ba3 c4 13.Be2 f6 14.exf6 Bxf6 15.Nh2 Qa5 16.Bb2 e5
17.dxe5 Nxe5 18.Kh1 Be6 19.f4 Nc6 20.Bg4 Bf7 21.f5 g5 22.Bh5 Bxc3 23.Bxf7+ Rxf7
24.Bxc3 Qxc3 25.Ng4 Kh8 26.Qxd5 Raf8 27.f6 h5 28.Qxg5 hxg4 29.Qh6+ Kg8 30.Qg6+ Kh8  1/2-1/2

[Event "NED-chT Playoff"]
[Site "Breda"]
[Date "1999.05.14"]
[Round "2"]
[White "Van der Poel, Henk"]
[Black "Hennig, Dirk"]
[Result "1/2-1/2"]
[WhiteElo "2295"]
[BlackElo "2439"]

1.e4 g6 2.d4 Bg7 3.Nc3 c6 4.f4 d5 5.e5 h5 6.Nf3 Nh6 7.Be3 Bg4 8.Be2 Nf5 9.Bf2 e6
10.g3 h4 11.Rg1 hxg3 12.hxg3 Nd7 13.Qd3 Qa5 14.Ng5 Bxe2 15.Kxe2 Rg8 16.g4 Ne7
17.a3 Bh6 18.Bh4 a6 19.b4 Qc7 20.Nd1 Nb6 21.Ne3 Nc4 22.Nxc4 dxc4 23.Qxc4 Nd5
24.Ne4 Bxf4 25.Nf6+ Nxf6 26.Bxf6 Bh6 27.Rh1 Bf8 28.Rh7 Qd7 29.Rf1 b5 30.Qd3 Qd5
31.Qf3 Ra7 32.Qxd5 cxd5 33.Rf3 Rc7 34.Kd2 Rc4 35.c3 Rc7 36.Rfh3 Rc8 37.Kd3 Be7
38.g5 Bxf6 39.exf6 Rf8 40.Rh8 Rxh8 41.Rxh8+ Kd7 42.Rh7 Rf8 43.Ke3 Kc6 44.Kf4 Kd6
45.Rh3 Rc8 46.Kg4  1/2-1/2

[Event "Katrineholm"]
[Site "Katrineholm"]
[Date "1999.05.17"]
[Round "6"]
[White "Laveryd, Peter"]
[Black "Gavrikov, Viktor"]
[Result "0-1"]
[WhiteElo "2420"]
[BlackElo "2532"]

1.e4 g6 2.d4 Bg7 3.Nc3 c6 4.Nf3 d6 5.Be3 Qc7 6.Qd2 Nd7 7.Bd3 b5 8.O-O Ngf6
9.Bh6 O-O 10.Bxg7 Kxg7 11.a4 b4 12.Ne2 c5 13.c3 a5 14.cxb4 axb4 15.Rfc1 Rb8
16.Ng3 Bb7 17.Qg5 Kh8 18.e5 dxe5 19.dxe5 Bxf3 20.exf6 exf6 21.Qh6 Bg4 22.f4 Qd6
23.Bb5 Rfd8 24.h3 Qd4+ 25.Kh2 Bf3 26.Rc2 Bd5 27.f5 c4 28.Re1 Qc5 29.Rce2 Qf8
30.Qh4 g5 31.Qd4 Qc5 32.Qxc5 Nxc5 33.Nh5 c3 34.bxc3 bxc3 35.Nxf6 Bb3 36.Rc1 c2
37.Re3 Rd1 38.Re1 Nxa4 39.Nd7 Rd8 40.Ne5 Rxe1 41.Rxe1 Rd1 42.Nd3 Rxe1  0-1

[Event "Capablanca mem Mixto"]
[Site "Havana"]
[Date "1999.05.19"]
[Round "11"]
[White "Fandino, Roquelina"]
[Black "Frometa, Zirka"]
[Result "0-1"]
[WhiteElo "2187"]
[BlackElo "2190"]

1.e4 g6 2.d4 Bg7 3.Nc3 c6 4.h3 d5 5.Nf3 dxe4 6.Nxe4 Nf6 7.Ng3 O-O 8.Be2 Nbd7
9.O-O Qc7 10.c3 b6 11.Re1 Bb7 12.Bc4 e6 13.a4 c5 14.Ba2 Rad8 15.Qe2 Qb8 16.Be3 Nd5
17.Rad1 Nxe3 18.Qxe3 cxd4 19.cxd4 Qa8 20.Ng5 Bd5 21.Bxd5 Qxd5 22.Nf3 Nb8
23.Ne2 Nc6 24.b3 Nb4 25.Rc1 Rc8 26.Nf4 Qd6 27.Rxc8 Rxc8 28.Qe4 Rd8 29.Ne2 Nc6
30.Rd1 e5 31.d5 Ne7 32.Nc3 a6 33.Qe2 f5 34.Ng5 e4 35.Ne6 Rc8 36.Nxg7 Kxg7
37.Nb1 Rc5 38.Qxa6 Rxd5 39.Rxd5 Nxd5 40.Qc4 Nf4 41.Nc3 Kh6 42.Qf1 Qd2 43.g3 Qxc3
44.gxf4 Qxb3 45.Qg2 Qd1+ 46.Kh2 Kg7 47.Qg3 Qd3 48.Qg5 Qd6 49.Qg3 h6 50.Qc3+ Kh7
51.Kg2 Qxf4 52.Qc6 Qg5+ 53.Kf1 Qd8 54.Qb7+ Kg8 55.Qc6 Kf7 56.Qb7+ Kf6 57.Qc6+ Kg5
58.Qe6 Qd1+ 59.Kg2 Qxa4 60.Qxb6 Qa3 61.Qd8+ Kh5 62.Qd4 Qf3+ 63.Kh2 g5 64.Qb6 f4
65.Qa7 e3 66.fxe3 Qg3+ 67.Kh1 Qxh3+  0-1

[Event "Capablanca mem Mixto"]
[Site "Havana"]
[Date "1999.05.22"]
[Round "13"]
[White "Duarte, Tatiana"]
[Black "Frometa, Zirka"]
[Result "0-1"]
[WhiteElo "2146"]
[BlackElo "2190"]

1.e4 g6 2.d4 Bg7 3.Nc3 c6 4.h3 d5 5.Nf3 dxe4 6.Nxe4 Nf6 7.Bd3 Nxe4 8.Bxe4 Nd7
9.c3 O-O 10.Bg5 Qc7 11.Qd2 e5 12.O-O-O exd4 13.Nxd4 Nc5 14.Bc2 Ne6 15.Be3 Rd8
16.Kb1 b5 17.Qe2 b4 18.Nxe6 Bxe6 19.c4 Qe5 20.Bb3 Qe4+ 21.Bc2 Qxc4 22.Rxd8+ Rxd8
23.Qxc4 Bxc4 24.Bxa7 Ra8 25.b3 Bd5 26.Bc5 Bxg2 27.Rh2 Bf3 28.h4 Bc3 29.Rh3 Re8
30.Be3 Bg4 31.Rg3 h5 32.Rg1 Kg7 33.Bd1 Bf5+ 34.Bc2 Bxc2+ 35.Kxc2 Re4 36.a4 Rxh4
37.a5 Bd4 38.Bxd4+ Rxd4 39.Rd1 Re4  0-1

[Event "CRO-Cup"]
[Site "Pula"]
[Date "1999.05.26"]
[Round "3"]
[White "Sax, Gyula"]
[Black "Rukavina, Josip"]
[Result "1/2-1/2"]
[WhiteElo "2524"]
[BlackElo "2426"]

1.e4 g6 2.d4 Bg7 3.Nc3 c6 4.Bc4 d6 5.Qf3 e6 6.Nge2 Nd7 7.a4 Qe7 8.O-O Ngf6
9.Rd1 O-O 10.Ba2 e5 11.Bg5 h6 12.Bh4 a5 13.Qd3 Re8 14.f4 exd4 15.Qxd4 Nxe4
16.Bxe7 Bxd4+ 17.Rxd4 Nxc3 18.Nxc3 Rxe7 19.Rxd6 Kg7 20.Bc4 Nb6 21.Bd3 Be6
22.Rf1 Rae8 23.b3 f5 24.Be2 Bd5 25.Bf3 Bxf3 26.Rxf3 Re1+ 27.Kf2 Rc1 28.Rd2 Kf6
29.Re3 Rf1+ 30.Kxf1 Rxe3 31.Nd1 Re4 32.g3 Nd5 33.c4 Ne3+ 34.Nxe3 Rxe3 35.Rd6+ Re6
36.Rd7 Re7 37.Rd6+  1/2-1/2